| 000 | 00755nam a22001937a 4500 | ||
|---|---|---|---|
| 999 |
_c17348 _d17348 |
||
| 003 | AR-CdUCM | ||
| 008 | 190508b ||||| |||| 00| 0 spa d | ||
| 040 |
_aMUNICIPALIDAD PROVINCIAL DEL CUSCO _cBIBLIOTECA MUNICIPAL DEL CUSCO |
||
| 082 |
_a334.08 / _bAG29 |
||
| 100 |
_aAgilda, Enrique _937318 |
||
| 245 | _a¿Qué es la cooperación libre? / | ||
| 260 |
_aBuenos Aires : _bIntercoop Editora, _c1961. |
||
| 300 |
_a81 páginas ; _c18 cm. |
||
| 440 |
_aCuadernos de cultura cooperativa ; _935153 |
||
| 505 | _aContenido: El interés lucrativo -- El egocentrismo o la contemplación del Yo -- Juicio ligero y desconfianza -- Resentimiento -- Envidia -- Infabilidad... | ||
| 650 |
_aCooperación _97400 |
||
| 942 |
_2ddc _cLIBROS |
||
| 945 |
_aacv _d2019-05-08 |
||